International Migration

Bibliographic Details
Format: eBook
Language:English
Published: Hoboken: Wiley, 1963 -
Subjects:
Online Access:Acceso restringido

MARC

LEADER 00000nam a22000007a 4500
005 20220519223245.0
007 cr|||| ||||
008 220519c10639999gb br|w s|||| 0|||b1eng d
022 |a 1468-2435 
035 |a 36219 
040 |a vLex 
090 |c 13370  |d 13370 
245 0 0 |a International Migration  |h [Recurso electrn̤ico] / 
256 |a Servicio en ln̕ea 
260 |a Hoboken:  |b Wiley,  |c 1963 - 
300 |a 1 recurso electrn̤ico 
310 |a Bimestral 
500 |a International Migration is a refereed, scientific journal on migration issues as analysed by demographers, geographers, economists, sociologists, political scientists and other social scientists from all parts of the world. It covers the entire field of policy relevance in international migration, giving attention not only to a breadth of topics reflective of policy concerns, but also attention to coverage of all regions of the world. Issues related to the entire ‘migration cycle’ from origin, transit, host, destination, and return and reintegration are all relevant to the journal. Geographic diversity and contributions based on multi-disciplinary research are particular priorities of the journal. 
506 1 |a Disponible solo en los productos indicados  |d vLex Global  |d vLex Global (Academic Edition, excluding Law Schools)  |d vLex Global (U.S. Academic Edition, Law Schools)  |d vLex Global (U.S. Academic Edition, excluding Law Schools)  |d vLex Global (Academic Edition, Law Schools) 
650 0 4 |a Derecho Pb︢lico y Administrativo  |z Reino Unido 
650 0 4 |a Extranjera̕  |z Reino Unido 
740 0 |a vLex Revistas (Servicio en ln̕ea) 
856 4 0 |u https://app.vlex.com/#/sources/36219  |z Acceso restringido 
942 |c REV 
999 0 |a Public and Administrative Law 
999 0 |a Immigration